[Event "UGA-ch"]
[Site "Kampala"]
[Date "2011.12.13"]
[Round "7"]
[White "Emojong, Amos"]
[Black "Tugume, Richard"]
[Result "1-0"]
[WhiteElo "1950"]
[BlackElo "2000"]
[PlyCount "105"]
[EventDate "2011.12.05"]
[EventType "swiss"]
[EventRounds "10"]
[EventCountry "UGA"]
[SourceTitle "EXT 2013"]
[Source "ChessBase"]
[SourceDate "2012.11.22"]
[SourceVersion "1"]
[SourceVersionDate "2012.11.22"]
[SourceQuality "1"]

1. e4 g6 2. d4 Bg7 3. f4 d6 4. Nf3 Bg4 5. Be2 Nc6 6. Be3 Nf6 7. Nc3 0-0 8. Qd2 e6 9. h3 Bxf3 10. Bxf3 Nd7 11. 0-0-0 Nb6 12. g4 Nc4 13. Qe2 Nxe3 14. Qxe3 Qh4 15. Kb1 Qe7 16. h4 a6 17. g5 Rab8 18. h5 Na5 19. Qf2 c6 20. Qh4 f5 21. hxg6 hxg6 22. Qh7+ Kf7 23. Rh6 Ke8 24. Rxg6 Bh8 25. Qh5 Kd7 26. Rh6 Bg7 27. Rh7 Rh8 28. exf5 exf5 29. Qg6 Rxh7 30. Qxf5+ Kc7 31. Qxh7 Rh8 32. Qd3 b5 33. a4 Rb8 34. d5 Bxc3 35. Qxc3 b4 36. Qd3 c5 37. Qxa6 Nb7 38. Bg4 Qe8 39. a5 Nd8 40. Rh1 b3 41. Rh7+ Nf7 42. Qc6+ Kd8 43. Qxe8+ Kxe8 44. g6 Nd8 45. g7 Kf7 46. Be6+ Nxe6 47. dxe6+ Kxe6 48. Rh8 Rb4 49. g8Q+ Kd7 50. Qc8+ Ke7 51. Rh7+ Kf6 52. Qf8+ Ke6 53. Qf7# 1-0

[Event "UGA-ch"]
[Site "Kampala"]
[Date "2011.12.13"]
[Round "8"]
[White "Muwanguzi, David Wabwire"]
[Black "Emojong, Amos"]
[Result "1-0"]
[WhiteElo "1963"]
[BlackElo "1950"]
[PlyCount "64"]
[EventDate "2011.12.05"]
[EventType "swiss"]
[EventRounds "10"]
[EventCountry "UGA"]
[SourceTitle "EXT 2013"]
[Source "ChessBase"]
[SourceDate "2012.11.22"]
[SourceVersion "1"]
[SourceVersionDate "2012.11.22"]
[SourceQuality "1"]

1. e4 c6 2. Nf3 d5 3. exd5 cxd5 4. d4 Nf6 5. Bd3 Bg4 6. h3 Bh5 7. 0-0 e6 8. c3 Be7 9. Qa4+ Nbd7 10. Ne5 0-0 11. Qc2 Qc7 12. f4 a6 13. Nd2 Bg6 14. Nxg6 hxg6 15. Nf3 Nh5 16. Ne5 Ndf6 17. g4 Ng3 18. Rf3 Nfe4 19. Kg2 Bh4 20. Bd2 Nxd2 21. Qxd2 Ne4 22. Bxe4 dxe4 23. Re3 Be7 24. Rxe4 Kh7 25. Nf3 Bd6 26. Ng5+ Kg8 27. Kg1 Rae8 28. h4 Qd7 29. Rae1 Re7 30. Kh2 Rfe8 31. h5 e5 32. fxe5 Bxe5+ 1-0

[Event "UGA-ch"]
[Site "Kampala"]
[Date "2011.12.12"]
[Round "6"]
[White "Luggya, Vianney"]
[Black "Emojong, Amos"]
[Result "0-1"]
[WhiteElo "2015"]
[BlackElo "1950"]
[PlyCount "101"]
[EventDate "2011.12.05"]
[EventType "swiss"]
[EventRounds "10"]
[EventCountry "UGA"]
[SourceTitle "EXT 2013"]
[Source "ChessBase"]
[SourceDate "2012.11.22"]
[SourceVersion "1"]
[SourceVersionDate "2012.11.22"]
[SourceQuality "1"]

1. d4 d5 2. c4 dxc4 3. Nc3 Nf6 4. e4 c5 5. Nf3 cxd4 6. Qxd4 Qxd4 7. Nxd4 a6 8. Bxc4 e5 9. Nf3 Nbd7 10. Ng5 Bb4 11. Nxf7 Rf8 12. Ng5 Nc5 13. 0-0 Bxc3 14. bxc3 Nfxe4 15. Nxe4 Nxe4 16. Ba3 Rf6 17. Rfe1 Bf5 18. Rad1 Rd8 19. Bd5 Nxc3 20. Rxe5+ Be6 21. Rde1 Rxd5 22. Rxe6+ Rxe6 23. Rxe6+ Kd7 24. Re7+ Kc6 25. g3 Rd7 26. Re6+ Kb5 27. h4 Nxa2 28. g4 Nc3 29. h5 Nd5 30. Bc1 a5 31. f4 Nf6 32. Re5+ Kb4 33. Re1 Nxg4 34. f5 a4 35. Re4+ Kb3 36. Rxg4 Rd1+ 37. Kf2 Rxc1 38. Rxg7 b5 39. f6 Rc8 40. f7 Rf8 41. Rg3+ Kb2 42. Rf3 a3 43. Ke3 a2 44. Rf2+ Ka3 45. Rf1 b4 46. Kd4 b3 47. Kc4 b2 48. Rf3+ Ka4 49. Rf6 Ka5 50. Rf5+ Ka6 51. Rf6+ 0-1

[Event "UGA-ch"]
[Site "Kampala"]
[Date "2011.12.06"]
[Round "4"]
[White "Mukumbya, Benjamin"]
[Black "Emojong, Amos"]
[Result "1/2-1/2"]
[WhiteElo "2100"]
[BlackElo "1950"]
[PlyCount "79"]
[EventDate "2011.12.05"]
[EventType "swiss"]
[EventRounds "10"]
[EventCountry "UGA"]
[SourceTitle "EXT 2013"]
[Source "ChessBase"]
[SourceDate "2012.11.22"]
[SourceVersion "1"]
[SourceVersionDate "2012.11.22"]
[SourceQuality "1"]

1. e4 c6 2. f4 d5 3. e5 Bf5 4. d4 e6 5. Nf3 h6 6. Be3 Qb6 7. b3 Nd7 8. c3 c5 9. Nbd2 Rc8 10. Rc1 a6 11. Be2 Qc7 12. c4 Ne7 13. Nh4 Bh7 14. 0-0 Nc6 15. cxd5 exd5 16. f5 cxd4 17. Bxd4 Ndxe5 18. Bxa6 bxa6 19. Bxe5 Qd8 20. Bg3 Be7 21. Re1 0-0 22. Qg4 Bf6 23. Ndf3 Qa5 24. Bf4 Kh8 25. Ng6+ fxg6 26. fxg6 Bxg6 27. Qxg6 Nd4 28. Ne5 Ne2+ 29. Rxe2 Rxc1+ 30. Bxc1 Bxe5 31. Rxe5 Qc3 32. Qg3 Qxc1+ 33. Re1 Qc5+ 34. Qe3 d4 35. Qd3 Qa5 36. Re2 Qc5 37. h3 Qc1+ 38. Kh2 Qf4+ 39. Kg1 Qf1+ 40. Kh2 1/2-1/2